| 000 | 01008nam a22002657a 4500 | ||
|---|---|---|---|
| 005 | 20161126020001.0 | ||
| 008 | 960523s2007 ck ao gr 00110dspa d | ||
| 015 | _ack-2007-xxxx | ||
| 020 | _a9789584411013 | ||
| 041 | 0 | _aspa | |
| 082 | 0 | 4 |
_a598 _bM47a |
| 100 | 1 |
_aMcNish M., Thomas, _d1957- _9873 |
|
| 245 | 1 | 4 |
_aLas aves de los llanos de la orinoquía / _cThomas Mcnish M. ; con prólogo de F. Gary Stiles ; fotografías de Francisco Nieto Montano ... [et al.]. |
| 260 | 3 |
_aBogotá : _bM&B Riqueza natural : _bColombo Andina de Impresores, _c2007. |
|
| 300 |
_a302 p. : _bil. ; _c24 cm. |
||
| 500 | _aIncluye índice. | ||
| 500 | _aGlosario : p. 251-271. | ||
| 650 |
_aAves _z Orinoquía (Colombia) _9874 |
||
| 650 |
_aAves _x Distribución geográfica _z Orinoquía (Colombia) _9875 |
||
| 650 |
_aAves _x Clasificación _z Orinoquía (Colombia) _9876 |
||
| 700 | 1 | 2 |
_aStiles, F. Gary, _epról. _9877 |
| 700 | 1 | 2 |
_aNieto Montano, Francisco, _efot. _9878 |
| 942 |
_2ddc _cIMPRESO _03 |
||
| 949 | _a | ||
| 999 |
_c7436 _d7436 |
||